[Event "SG Turm Raesfeld-Erle 2-SC Klein-Berlin"]
[Site "?"]
[Date "2023.11.11"]
[Round "3.2"]
[White "Tuente, Marcel"]
[Black "Bruemmer, Andreas"]
[Result "0-1"]
[WhiteElo "1872"]
[BlackElo "1943"]
[PlyCount "93"]
[EventDate "2023.??.??"]
[SourceTitle "Verband Muensterland"]
[SourceDate "2023.10.22"]
[SourceVersion "1"]
[SourceVersionDate "2023.10.22"]
[SourceQuality "1"]
[WhiteTeam "Raesfeld-Erle 2"]
[BlackTeam "Rheine"]

1. e4 c5 2. Nc3 a6 3. f4 Nc6 4. Nf3 d6 5. d3 g6 6. g3 Bg7 7. Bg2 e6 8. O-O Nge7
9. h4 Rb8 10. h5 b5 11. Nh4 Nd4 12. Ne2 b4 13. Nxd4 cxd4 14. Qe2 O-O 15. Kh2 f5
16. Bd2 Bd7 17. Rac1 Qc7 18. hxg6 Nxg6 19. Nxg6 hxg6 20. exf5 gxf5 21. Rh1 Rf6
22. Kg1 Bc6 23. c3 dxc3 24. bxc3 b3 25. axb3 Bxg2 26. Qxg2 Rxb3 27. Qa8+ Kf7
28. Qxa6 Rg6 29. Rh3 Rb2 30. Be1 Bd4+ 31. Kf1 d5 32. Rh7+ Rg7 33. Rxg7+ Bxg7
34. Qa3 Qb7 35. Bf2 d4 36. Kg1 dxc3 37. Rxc3 Bxc3 38. Qxc3 Rb1+ 39. Be1 Qf3 40.
Qd2 Qxg3+ 41. Kf1 Qf3+ 42. Kg1 Rd1 43. Qb4 Qe3+ 44. Kf1 Qxd3+ 45. Kg2 Qe2+ 46.
Bf2 Qf1+ 47. Kg3 0-1

[Event "SG Turm Raesfeld-Erle 2-SC Klein-Berlin"]
[Site "?"]
[Date "2023.11.11"]
[Round "3.3"]
[White "Langhans, Joerg"]
[Black "Terhart, Juergen"]
[Result "1-0"]
[WhiteElo "1912"]
[BlackElo "1849"]
[PlyCount "117"]
[EventDate "2023.??.??"]
[SourceTitle "Verband Muensterland"]
[SourceDate "2023.10.22"]
[SourceVersion "1"]
[SourceVersionDate "2023.10.22"]
[SourceQuality "1"]
[WhiteTeam "Rheine"]
[BlackTeam "Raesfeld-Erle 2"]

1. e4 c6 2. d4 d5 3. exd5 cxd5 4. Bd3 Nc6 5. c3 Nf6 6. Bf4 g6 7. Nf3 Bg7 8.
Nbd2 Bf5 9. Bxf5 gxf5 10. Ne5 O-O 11. O-O e6 12. Re1 Ne7 13. Re3 Ng6 14. Bg5 h6
15. Bxf6 Bxf6 16. Nxg6 fxg6 17. Rxe6 Qd7 18. Qe2 Rae8 19. Re1 Kf7 20. Rxe8 Rxe8
21. Qxe8+ Qxe8 22. Rxe8 Kxe8 23. Kf1 b5 24. Ke2 Kd7 25. Kd3 Kc6 26. b3 Kd6 27.
f3 Bg5 28. g3 f4 29. g4 Bd8 30. c4 a6 31. a4 dxc4+ 32. bxc4 bxa4 33. Ne4+ Kc6
34. Kc3 Ba5+ 35. Kb2 Bb4 36. Nc3 a3+ 37. Kb3 a5 38. Nb1 a4+ 39. Ka2 Kb6 40.
Nxa3 Ka5 41. Kb2 Be1 42. Nc2 Bd2 43. Ka2 Bc3 44. Ka3 Bd2 45. Kb2 Be3 46. Kc3 h5
47. gxh5 gxh5 48. Kd3 Bc1 49. Ke4 a3 50. Nxa3 Bxa3 51. Kxf4 Bd6+ 52. Kg5 Bxh2
53. f4 Kb4 54. d5 Kxc4 55. d6 Bg1 56. f5 Bb6 57. f6 Bd8 58. Kg6 Bxf6 59. Kxf6
1-0

[Event "SG Turm Raesfeld-Erle 2-SC Klein-Berlin"]
[Site "?"]
[Date "2023.11.11"]
[Round "3.4"]
[White "Broemmel, Chris"]
[Black "Langhanke, Guenther"]
[Result "1-0"]
[WhiteElo "1861"]
[BlackElo "2064"]
[PlyCount "155"]
[EventDate "2023.??.??"]
[SourceTitle "Verband Muensterland"]
[SourceDate "2023.10.22"]
[SourceVersion "1"]
[SourceVersionDate "2023.10.22"]
[SourceQuality "1"]
[WhiteTeam "Raesfeld-Erle 2"]
[BlackTeam "Rheine"]

1. e4 c5 2. Nf3 Nc6 3. c3 d5 4. exd5 Qxd5 5. d4 Nf6 6. Bb5 a6 7. Bxc6+ Qxc6 8.
dxc5 Bg4 9. Be3 e5 10. h3 Rd8 11. Nbd2 Bxf3 12. Qxf3 e4 13. Qe2 Bxc5 14. Bxc5
Qxc5 15. Nxe4 Nxe4 16. Qxe4+ Qe7 17. Qxe7+ Kxe7 18. Rd1 Rxd1+ 19. Kxd1 Rd8+ 20.
Ke2 Rd5 21. Rd1 Rg5 22. g3 Re5+ 23. Kd3 Kd6 24. Kc4+ Kc6 25. Rd2 Re4+ 26. Kd3
Re5 27. Re2 Rd5+ 28. Ke4 Ra5 29. b3 Rc5 30. c4 b5 31. cxb5+ Kxb5 32. Kd4 Rc7
33. a3 Rd7+ 34. Kc3 Rc7+ 35. Kb2 Rd7 36. Re5+ Kb6 37. Kc3 Rc7+ 38. Kb4 Rd7 39.
a4 Rd4+ 40. Kc3 Rd7 41. b4 Rc7+ 42. Kd4 Rd7+ 43. Rd5 Re7 44. Rd6+ Kb7 45. Kd5
Rc7 46. a5 Re7 47. f4 h5 48. f5 f6 49. Rb6+ Ka7 50. Re6 Rd7+ 51. Kc4 Rc7+ 52.
Kd5 Rb7 53. Kc6 Rxb4 54. Re7+ Kb8 55. Rxg7 Rb5 56. g4 hxg4 57. hxg4 Rxa5 58.
Kb6 Rb5+ 59. Kxa6 Rb4 60. Ka5 Rb1 61. g5 Rf1 62. g6 Rxf5+ 63. Kb6 Kc8 64. Kc6
Kd8 65. Kd6 Ke8 66. Ke6 Re5+ 67. Kxf6 Re1 68. Rg8+ Kd7 69. Rf8 Rf1+ 70. Kg7 Rh1
71. Rf2 Ke7 72. Re2+ Kd7 73. Kf7 Rf1+ 74. Kg8 Rg1 75. g7 Rg3 76. Rh2 Ke7 77.
Kh8 Kf7 78. Rf2+ 1-0

[Event "SG Turm Raesfeld-Erle 2-SC Klein-Berlin"]
[Site "?"]
[Date "2023.11.11"]
[Round "3.5"]
[White "Ratert, Matthias"]
[Black "Fasselt, Hendrik"]
[Result "0-1"]
[WhiteElo "1847"]
[BlackElo "1853"]
[PlyCount "180"]
[EventDate "2023.??.??"]
[SourceTitle "Verband Muensterland"]
[SourceDate "2023.10.22"]
[SourceVersion "1"]
[SourceVersionDate "2023.10.22"]
[SourceQuality "1"]
[WhiteTeam "Rheine"]
[BlackTeam "Raesfeld-Erle 2"]

1. e4 d5 2. exd5 Qxd5 3. Nc3 Qd8 4. Ne4 Bf5 5. Ng3 Bg6 6. Nf3 h6 7. Ne5 Qd6 8.
d4 Nd7 9. Nxg6 Qxg6 10. Bd3 Qe6+ 11. Be3 Ngf6 12. Qf3 Qd5 13. Ne4 c6 14. O-O e6
15. c4 Qa5 16. a3 Be7 17. b4 Qd8 18. Qg3 Nxe4 19. Bxe4 Bf6 20. Rad1 Kf8 21. f4
Qe7 22. Qf3 Re8 23. Rfe1 Kg8 24. Bf2 Nb6 25. d5 Nxc4 26. dxc6 bxc6 27. Bc5 Qc7
28. Bxc6 Rc8 29. b5 Nb6 30. a4 Nxa4 31. Bd6 Qb6+ 32. Kh1 Nc3 33. Rc1 Nxb5 34.
Bxb5 Rxc1 35. Rxc1 Qxb5 36. Qa8+ Kh7 37. Qxa7 Kg6 38. Qe3 Rd8 39. Bc7 Rd7 40.
Qe4+ Qf5 41. Qxf5+ Kxf5 42. g3 g5 43. Bb8 gxf4 44. Bxf4 Bg5 45. Rf1 Bxf4 46.
Rxf4+ Kg6 47. Rg4+ Kf6 48. Rf4+ Kg5 49. h4+ Kg6 50. Re4 h5 51. Kg2 Rd5 52. Kf3
e5 53. g4 hxg4+ 54. Rxg4+ Kh5 55. Rg7 f6 56. Rh7+ Kg6 57. Rh8 Rd4 58. Kg3 Rf4
59. Ra8 Rf1 60. Kg2 Rf5 61. Kg3 e4 62. Re8 Rf3+ 63. Kg2 f5 64. Rg8+ Kh5 65.
Rh8+ Kg4 66. h5 Kg5 67. Rh7 f4 68. h6 Kg6 69. Re7 Rg3+ 70. Kh2 Kxh6 71. Rxe4
Kg5 72. Rb4 Kg4 73. Ra4 Rd3 74. Kg1 Kf3 75. Ra1 Ke2 76. Ra2+ Ke3 77. Ra8 Rd1+
78. Kh2 f3 79. Re8+ Kf2 80. Ra8 Re1 81. Rf8 Re6 82. Kh3 Re3 83. Kh2 Re2 84. Kh3
Re1 85. Kh2 Re7 86. Kh3 Ke2 87. Ra8 f2 88. Ra2+ Kf1 89. Kh2 Rh7+ 90. Kg3 Kg1
0-1

[Event "SG Turm Raesfeld-Erle 2-SC Klein-Berlin"]
[Site "?"]
[Date "2023.11.11"]
[Round "3.6"]
[White "Boelker, Franz"]
[Black "Van Dijk, Guido"]
[Result "1/2-1/2"]
[WhiteElo "1815"]
[BlackElo "1817"]
[PlyCount "58"]
[EventDate "2023.??.??"]
[SourceTitle "Verband Muensterland"]
[SourceDate "2023.10.22"]
[SourceVersion "1"]
[SourceVersionDate "2023.10.22"]
[SourceQuality "1"]
[WhiteTeam "Raesfeld-Erle 2"]
[BlackTeam "Rheine"]

1. d4 d5 2. c4 c6 3. Nc3 Nf6 4. Nf3 Bf5 5. Bg5 Nbd7 6. e3 h6 7. Bh4 e6 8. Be2
Be7 9. O-O O-O 10. h3 Ne4 11. Bxe7 Qxe7 12. Rc1 Qb4 13. Nxe4 dxe4 14. Qd2 Qe7
15. Ne5 Nxe5 16. dxe5 Rad8 17. Qc3 Rd7 18. Rfd1 Rfd8 19. Rxd7 Rxd7 20. Rd1
Rxd1+ 21. Bxd1 Qd7 22. Qd4 Qxd4 23. exd4 Bg6 24. Kf1 f5 25. g4 Kf7 26. Ke2 f4
27. h4 Bh7 28. Bc2 h5 29. g5 Bf5 1/2-1/2

[Event "SG Turm Raesfeld-Erle 2-SC Klein-Berlin"]
[Site "?"]
[Date "2023.11.11"]
[Round "3.7"]
[White "Hauk, Viktor"]
[Black "Spyrou, Elias"]
[Result "1-0"]
[WhiteElo "1867"]
[BlackElo "1727"]
[PlyCount "97"]
[EventDate "2023.??.??"]
[SourceTitle "Verband Muensterland"]
[SourceDate "2023.10.22"]
[SourceVersion "1"]
[SourceVersionDate "2023.10.22"]
[SourceQuality "1"]
[WhiteTeam "Rheine"]
[BlackTeam "Raesfeld-Erle 2"]

1. d4 g6 2. c4 Bg7 3. Nc3 d6 4. Nf3 e5 5. dxe5 dxe5 6. Qxd8+ Kxd8 7. Bg5+ f6 8.
O-O-O+ Nd7 9. Bh4 g5 10. Bg3 c6 11. e4 Ke7 12. Nd2 Nc5 13. f3 Ne6 14. Nb3 Nh6
15. Bf2 Nf7 16. c5 h5 17. Na5 Rb8 18. Bc4 Bf8 19. Ne2 Bd7 20. Ng3 Ned8 21. Rd2
g4 22. Be3 h4 23. Rhd1 Bc8 24. Nf5+ Bxf5 25. exf5 gxf3 26. gxf3 Rh7 27. Rd7+
Ke8 28. Be6 Rg7 29. Nc4 Nxe6 30. fxe6 Nd8 31. Rxg7 Bxg7 32. Nd6+ Kf8 33. Nf5
Nxe6 34. Rd7 Re8 35. Nxg7 Nxg7 36. Bh6 Re7 37. Rxe7 Kxe7 38. Bxg7 h3 39. Kd2
Ke6 40. Kd3 f5 41. Bh6 Kd5 42. Be3 Ke6 43. Kc4 Kd7 44. f4 Ke6 45. b4 a6 46. a4
Kf6 47. a5 Ke6 48. Bd2 Kf6 49. Bc3 1-0

[Event "SG Turm Raesfeld-Erle 2-SC Klein-Berlin"]
[Site "?"]
[Date "2023.11.11"]
[Round "3.8"]
[White "Ridder, David"]
[Black "Hemmert, Michael"]
[Result "1/2-1/2"]
[WhiteElo "1657"]
[BlackElo "2032"]
[PlyCount "97"]
[EventDate "2023.??.??"]
[SourceTitle "Verband Muensterland"]
[SourceDate "2023.10.22"]
[SourceVersion "1"]
[SourceVersionDate "2023.10.22"]
[SourceQuality "1"]
[WhiteTeam "Raesfeld-Erle 2"]
[BlackTeam "Rheine"]

1. e4 g6 2. d4 Bg7 3. f4 d6 4. Nf3 Nf6 5. Nbd2 O-O 6. Bd3 c5 7. c3 Nh5 8. Nb3
Qc7 9. Qe2 Bg4 10. O-O Bh6 11. g3 Nd7 12. dxc5 dxc5 13. e5 Rac8 14. Bc2 Rfd8
15. Be3 b6 16. Rae1 e6 17. Nbd2 Bf8 18. Ne4 Nb8 19. Nf2 Bf5 20. Bd1 c4 21. g4
Bd3 22. Nxd3 cxd3 23. Qd2 Ng7 24. Bd4 Nc6 25. Qxd3 Nxd4 26. Nxd4 Bc5 27. Re4 h5
28. h3 Qe7 29. Kg2 Qh4 30. Qa6 f5 31. exf6 Qxf6 32. Bb3 Bxd4 33. Rxd4 Rxd4 34.
Qxc8+ Rd8 35. Qc7 Kh8 36. Rf2 Rf8 37. Re2 hxg4 38. hxg4 Qxf4 39. Qxf4 Rxf4 40.
Kg3 Rf6 41. g5 Rf5 42. Kg4 Rf1 43. Bxe6 Nh5 44. Re4 Rg1+ 45. Kh4 Rg2 46. b4
Rh2+ 47. Bh3 Rxa2 48. Re8+ Kg7 49. Re7+ 1/2-1/2